| 000 | 01586nam a2200397 i 4500 | ||
|---|---|---|---|
| 003 | EG-ScBUE | ||
| 005 | 20231214100025.0 | ||
| 008 | 170614s2004 su o f 001 0dara d | ||
| 017 | _a1425 / 4015 | ||
| 020 | _a9960406156 | ||
| 040 |
_aEG-ScBUE _bara _erda _cEG-ScBUE _dEG-ScBUE |
||
| 041 | 1 |
_aara _heng |
|
| 043 |
_aa-iq--- _an-us--- |
||
| 082 | 0 | 4 |
_a956.704431 _bو و د _222 |
| 100 | 1 |
_aوودوارد، بوب، _d1943- _eمؤلف. |
|
| 240 | 1 | 0 |
_aPlan of attack. _lArabic |
| 245 | 1 | 0 |
_aخطة الهجوم / _cتأليف بوب ودورد ؛ تعريب فاضل جتكر. |
| 250 | _aالطبعة الأولى. | ||
| 264 | 1 |
_aالرياض : _bمكتبة العبيكان، _c2004. |
|
| 300 |
_a658 صفحة : _bصور ؛ _c24 سم |
||
| 336 |
_2rdacontent _aنص _btxt |
||
| 337 |
_aبدون وسيط _2rdamedia _bn |
||
| 338 |
_aمجلد _bnc _2rdacarrier |
||
| 500 | _aيشتمل على كشافات. | ||
| 541 | _aإهداء من المستشار مدحت أبو الفضل. | ||
| 546 | _aالنص باللغة العربية ؛ مترجم من اللغة الإنجليزية. | ||
| 590 | _aWessam | ||
| 600 | 1 | 7 |
_aبوش، جورج و. _q(جورج ولكر)، _d1946- _2BUEsh _941796 |
| 650 | _2BUEsh | ||
| 651 | 7 |
_aالعراق _xتاريخ _y(الاحتلال الأمريكي (2003-2011. _2BUEsh _916210 |
|
| 651 | 7 |
_aالولايات المتحدة الأمريكية _xتاريخ _y(جورج بوش الابن (2001-2009 _2BUEsh _941797 |
|
| 653 |
_bBUSBOL _cJune2017 |
||
| 655 | _vReading book | ||
| 700 | 1 |
_aجتكر، فاضل. _eمترجم. |
|
| 942 | _2ddc | ||
| 999 |
_c24900 _d24872 |
||